[Event "Olympiad Women 2024"]
[Site "Budapest HUN"]
[Date "2024.09.18"]
[Round "7.38"]
[White "Eftovska, Lea"]
[Black "James, Shemilah"]
[Result "1/2-1/2"]
[WhiteElo "1841"]
[BlackElo "1774"]
[TimeControl "40/5400+30:1800+30\""]
[EventDate "2024.09.11"]
[Board "4"]
[WhiteFideId "15004902"]
[BlackFideId "7702060"]
[WhiteTeam "North Macedonia"]
[BlackTeam "Trinidad & Tobago"]

1. e4 e5 2. Nf3 Nc6 3. Bc4 Nf6 4. d3 Be7 5. O-O O-O 6. c3 d5 7. exd5 Nxd5
8. Re1 Nb6 9. Bb3 Bg4 10. h3 Bh5 11. Qe2 Kh8 12. g4 Bg6 13. Bc2 f5 14. b4
a6 15. a3 fxg4 16. hxg4 Nd5 17. Nh2 Bh4 18. Rf1 Qf6 19. Be3 Bg5 20. Bb3 Nf4
21. Bxf4 Qxf4 22. Bd5 Rad8 23. Be4 Qf6 24. Ra2 Bf4 25. f3 Bxh2+ 26. Qxh2
Bxe4 27. dxe4 Rd3 28. Raf2 Ne7 29. Qh5 g6 30. Qh3 Qf4 31. Kg2 Ng8 32. Rh1
Nf6 33. Qh4 Rf7 34. Qh6 Qxh6 35. Rxh6 Rfd7 36. Rh1 Ne8 37. Re1 Ng7 38. f4
exf4 39. Rxf4 Ne6 40. Rf6 Ng5 41. e5 Kg7 42. Rf2 Ne6 43. Rf3 R3d5 44. a4
Ng5 45. Rfe3 Re7 46. Na3 Re6 47. Kg3 h6 48. Nc4 Nf7 49. Kf4 Rd8 50. b5 axb5
51. axb5 Rd5 52. Na3 Rd8 53. Nc2 Rde8 54. Nd4 g5+ 55. Kg3 Rxe5 56. Rxe5
Nxe5 57. Nf5+ Kg6 58. Rh1 Nf7 59. Rd1 h5 60. Rd7 h4+ 61. Kg2 Ne5 62. Rxc7
Nxg4 63. Ne7+ Kf6 64. Nd5+ Ke5 65. c4 Nf6 66. Rg7 Ne4 67. Rxb7 Rf8 68. Re7+
Kd4 69. Nc7 Rf2+ 70. Kh3 Rf3+ 71. Kg2 Rf2+ 72. Kh3 Rf3+ 73. Kg2 Rf2+ 74.
Kh3 Rf3+ 75. Kg2 1/2-1/2

[Event "Olympiad Women 2024"]
[Site "Budapest HUN"]
[Date "2024.09.18"]
[Round "7.39"]
[White "Makwena, Christine"]
[Black "Kanyamarala, Trisha"]
[Result "0-1"]
[WhiteElo "1860"]
[BlackElo "2179"]
[TimeControl "40/5400+30:1800+30\""]
[EventDate "2024.09.11"]
[Board "1"]
[WhiteFideId "11003391"]
[BlackFideId "45004722"]
[WhiteTeam "Zimbabwe"]
[BlackTeam "Ireland"]

1. e4 c5 2. Nf3 d6 3. d4 cxd4 4. Nxd4 Nf6 5. Nc3 Bd7 6. Bg5 e6 7. f4 h6 8.
Bh4 Be7 9. Qf3 Nc6 10. O-O-O Nxd4 11. Rxd4 Bc6 12. g4 Qa5 13. Kb1 Nxe4 14.
Nxe4 Bxh4 15. Bg2 Be7 16. Qe2 d5 17. Ng3 Bf6 18. Rd2 O-O-O 19. Nh5 Bb5 20.
Qd1 Bc4 21. a3 Be7 22. Qc1 Rd6 23. Rf2 Rb6 24. Ka1 Bxa3 0-1

[Event "Olympiad Women 2024"]
[Site "Budapest HUN"]
[Date "2024.09.18"]
[Round "7.39"]
[White "O'Gorman, Alice"]
[Black "Shaba, Linda Dalitso"]
[Result "1-0"]
[WhiteElo "1996"]
[BlackElo "1831"]
[TimeControl "40/5400+30:1800+30\""]
[EventDate "2024.09.11"]
[Board "2"]
[WhiteFideId "2508214"]
[BlackFideId "11001631"]
[WhiteTeam "Ireland"]
[BlackTeam "Zimbabwe"]

1. e4 e6 2. d4 d5 3. e5 c5 4. c3 Nc6 5. Nf3 Bd7 6. Bd3 Qb6 7. O-O cxd4 8.
Re1 dxc3 9. Nxc3 Nb4 10. Be3 Qd8 11. Bb1 Ne7 12. h4 h6 13. h5 Nec6 14. a3
Na6 15. b4 Nc7 16. b5 Na5 17. Bd3 b6 18. Nd2 Rc8 19. f4 Qh4 20. Qf3 Nb7 21.
g3 Qd8 22. Qg4 Nc5 23. Be2 Rg8 24. a4 Be7 25. Nf3 Nb3 26. Rad1 Bc5 27. Bxc5
bxc5 28. Bd3 Kf8 29. Rb1 Na5 30. Rec1 Na8 31. f5 Nb6 32. Qf4 Qe7 33. Nh4 c4
34. fxe6 Bxe6 35. Ng6+ 1-0

[Event "Olympiad Women 2024"]
[Site "Budapest HUN"]
[Date "2024.09.18"]
[Round "7.39"]
[White "Wakuruwarewa, Colletta"]
[Black "Mirza, Diana"]
[Result "0-1"]
[WhiteElo "1814"]
[BlackElo "1962"]
[TimeControl "40/5400+30:1800+30\""]
[EventDate "2024.09.11"]
[Board "3"]
[WhiteFideId "11001305"]
[BlackFideId "2503999"]
[WhiteTeam "Zimbabwe"]
[BlackTeam "Ireland"]

1. d4 Nf6 2. Nf3 g6 3. g3 Bg7 4. Bg2 c5 5. c3 O-O 6. O-O d6 7. Nbd2 Nc6 8.
dxc5 dxc5 9. Nb3 c4 10. Nbd2 Na5 11. Re1 Qb6 12. Qa4 Bd7 13. Qc2 Ng4 14. e3
Bf5 15. Ne4 Nc6 16. Nd4 Bd7 17. Qe2 Nge5 18. Nd2 Qa6 19. b4 Nxd4 20. exd4
Nd3 21. Rf1 e5 22. Nf3 Bg4 23. Qe4 Bf5 24. Qe3 exd4 25. Nxd4 Rfe8 26. Qd2
Bg4 27. h3 Bxd4 28. hxg4 Bg7 29. Qc2 Ne1 30. Qd2 Nxg2 31. Kxg2 Rad8 32. Qc2
Qc6+ 33. f3 Rd3 34. Bd2 Re2+ 35. Rf2 Qxf3+ 0-1

[Event "Olympiad Women 2024"]
[Site "Budapest HUN"]
[Date "2024.09.18"]
[Round "7.39"]
[White "Putar, Lara"]
[Black "Zengeni, Tatenda Melisa"]
[Result "1-0"]
[WhiteElo "1911"]
[BlackElo "1732"]
[TimeControl "40/5400+30:1800+30\""]
[EventDate "2024.09.11"]
[Board "4"]
[WhiteFideId "14546604"]
[BlackFideId "11001313"]
[WhiteTeam "Ireland"]
[BlackTeam "Zimbabwe"]

1. d4 Nf6 2. c4 e6 3. Nf3 d5 4. g3 Ne4 5. Bg2 Bb4+ 6. Nbd2 O-O 7. O-O Bxd2
8. Nxd2 f5 9. Qb3 b6 10. cxd5 Qxd5 11. Nxe4 fxe4 12. Bf4 Na6 13. Qe3 Bb7
14. Rfd1 Qf5 15. Rac1 Rf7 16. a3 c5 17. Rc3 Rd8 18. Rc4 b5 19. Rc2 Rfd7 20.
Rcd2 c4 21. h4 Nc7 22. Be5 Ne8 23. Rf1 Nd6 24. Rfd1 Nf7 25. Bf4 Bd5 26. Kh2
h6 27. Bh3 Qg6 28. Rg1 Nd6 29. g4 Rf7 30. Qg3 e3 31. Qxe3 Ne4 32. Rdd1 Rdf8
33. Bg3 Nxf2 34. Bxf2 Rxf2+ 35. Kg3 Qe4 36. Qxe4 Bxe4 37. Rde1 g5 38. hxg5
hxg5 39. Rgf1 Rxf1 40. Bxf1 a5 41. Rc1 Rf4 42. Rd1 Kf7 43. Bg2 Bxg2 44.
Kxg2 Rxg4+ 45. Kf3 Rf4+ 46. Ke3 Ke7 47. d5 e5 48. d6+ Kd7 49. Rd5 b4 50.
Rxe5 bxa3 51. bxa3 c3 52. Rxg5 Rc4 53. Rg1 Ra4 54. Ra1 Kxd6 55. Kd3 Ke5 56.
Kxc3 Ke4 57. Kb3 Rd4 58. Rc1 a4+ 59. Kc3 Ke3 60. Rh1 Rg4 61. Rb1 Kxe2 62.
Rb2+ Kd1 63. Rb4 Rg3+ 64. Kb2 Rg2+ 65. Kb1 Rg3 66. Rxa4 Rb3+ 67. Ka2 Kc2
68. Rc4+ Rc3 69. Rh4 Rc5 70. a4 Ra5 71. Rc4+ Kd2 72. Kb3 Kd3 73. Rh4 Ra8
74. Rh5 Rb8+ 75. Rb5 Ra8 76. Kb4 Kd4 77. a5 Rc8 78. Rb7 Rc1 79. Rd7+ Ke5
80. a6 Ra1 81. Kb5 Ke6 82. Rd4 Rb1+ 83. Rb4 Ra1 84. Kb6 Kd6 85. Kb7 Kc5 86.
Rb2 Rh1 87. a7 Rh7+ 88. Ka6 Rh6+ 89. Ka5 Rh8 90. Rb8 Rh1 91. Rc8+ Kd6 92.
a8=Q 1-0

[Event "Olympiad Women 2024"]
[Site "Budapest HUN"]
[Date "2024.09.18"]
[Round "7.40"]
[White "Verbin, Valentina"]
[Black "Park, Sunwoo"]
[Result "1-0"]
[WhiteElo "2071"]
[BlackElo "1877"]
[TimeControl "40/5400+30:1800+30\""]
[EventDate "2024.09.11"]
[Board "1"]
[WhiteFideId "13905910"]
[BlackFideId "13203320"]
[WhiteTeam "Moldova"]
[BlackTeam "South Korea"]

1. e4 c5 2. Nf3 Nc6 3. Bb5 g6 4. O-O Bg7 5. c3 e5 6. d3 Nge7 7. Be3 b6 8.
d4 cxd4 9. cxd4 exd4 10. Nxd4 O-O 11. Nc3 Bb7 12. Qd2 a6 13. Be2 d5 14.
Nxc6 Bxc6 15. Rfd1 dxe4 16. Qc2 Qb8 17. Nxe4 Qe5 18. Nd2 Rfc8 19. Nc4 Bd5
20. b3 Qe6 21. Qb1 Be4 22. Bd3 Bxd3 23. Rxd3 Bxa1 24. Qxa1 Rd8 25. Rxd8+
Rxd8 26. Bxb6 Re8 27. h3 Nd5 28. Ba5 Nf4 29. Bd2 Ne2+ 30. Kf1 Qe7 31. Be3
f5 32. Kxe2 f4 33. Qd4 fxe3 34. Nxe3 Rc8 35. Qd5+ Kf8 36. Qd3 a5 37. Kf3
Rc5 38. g3 Qf6+ 39. Kg2 Qc6+ 40. f3 Rc3 41. Qd4 Rc1 42. Qh8+ Ke7 43. Qxh7+
Kd8 44. Qh8+ Kd7 45. Qd4+ Kc8 46. Qd2 Qc5 47. h4 Kb8 48. Nc4 Rg1+ 49. Kh2
Rf1 50. Qd8+ Ka7 51. Qxa5+ Qxa5 52. Nxa5 Rxf3 53. Kh3 Rf2 54. a3 Ka6 55.
Nc4 Rf3 56. b4 Kb5 57. Ne5 Rxa3 58. Nxg6 Kxb4 59. h5 Kc5 60. h6 Ra7 61. g4
Kd6 62. g5 Ke6 63. Kg4 Ra4+ 64. Kh5 Ra7 65. Nf4+ Kf5 66. Ng2 Ke6 67. Kg6
Ke5 68. h7 Ra6+ 69. Kh5 Ra8 70. Nh4 1-0

[Event "Olympiad Women 2024"]
[Site "Budapest HUN"]
[Date "2024.09.18"]
[Round "7.40"]
[White "Khan, Anastasia"]
[Black "Mihailova, Alina"]
[Result "0-1"]
[WhiteElo "1859"]
[BlackElo "1969"]
[TimeControl "40/5400+30:1800+30\""]
[EventDate "2024.09.11"]
[Board "2"]
[WhiteFideId "24173860"]
[BlackFideId "13907018"]
[WhiteTeam "South Korea"]
[BlackTeam "Moldova"]

1. d4 d5 2. Bf4 Nf6 3. e3 c5 4. dxc5 Nc6 5. c3 e5 6. Bg5 Bxc5 7. b4 Be7 8.
Nf3 Qd6 9. b5 Ne4 10. Bxe7 Nxe7 11. Bd3 Nc5 12. Be2 e4 13. Nd4 Qg6 14. Kf1
O-O 15. h4 f5 16. g3 Qd6 17. Nd2 Ng6 18. N2b3 b6 19. Nc6 Bb7 20. c4 Bxc6
21. bxc6 Qxc6 22. cxd5 Qd6 23. Kg2 Rac8 24. Rc1 Ne5 25. Nxc5 Rxc5 26. Rxc5
bxc5 27. Qc2 Qxd5 28. Bb5 c4 29. Rb1 Rc8 30. Ba6 Rc7 31. Qc3 Nf3 32. Rb8+
Kf7 33. h5 Qe6 34. Bb5 Ne5 35. Be8+ Kf6 36. Bb5 Rc5 37. a4 Qd6 38. Ra8 Qd1
39. Rf8+ Kg5 40. Rg8 Qf3+ 41. Kg1 Kg4 42. Qa1 Rd5 43. Rxg7+ Kxh5 44. Be8+
Kh6 0-1

[Event "Olympiad Women 2024"]
[Site "Budapest HUN"]
[Date "2024.09.18"]
[Round "7.40"]
[White "Bargan, Victoria"]
[Black "Kang, Sohyun"]
[Result "1/2-1/2"]
[WhiteElo "1941"]
[BlackElo "1726"]
[TimeControl "40/5400+30:1800+30\""]
[EventDate "2024.09.11"]
[Board "3"]
[WhiteFideId "13908197"]
[BlackFideId "13205706"]
[WhiteTeam "Moldova"]
[BlackTeam "South Korea"]

1. d4 d5 2. c4 c6 3. cxd5 cxd5 4. Bf4 Nf6 5. Nc3 a6 6. e3 Nc6 7. Bd3 Bg4 8.
f3 Bh5 9. Nge2 e6 10. O-O Be7 11. Rc1 O-O 12. Na4 Nd7 13. Bg3 Rc8 14. a3 b5
15. Nc5 Nxc5 16. dxc5 Bg5 17. Bf4 e5 18. Bxg5 Qxg5 19. f4 Qh6 20. Bf5 Rc7
21. g4 Ne7 22. Qc2 g6 23. g5 Qg7 24. Bh3 Bxe2 25. Qxe2 d4 26. b4 Nd5 27.
exd4 exd4 28. Rf3 Re7 29. Qd2 Ne3 30. Bf1 Rfe8 31. c6 Rc7 32. Rc5 Re6 33.
Qc1 Qf8 34. Bh3 Rd6 35. a4 Qe7 36. axb5 axb5 37. Qa1 Qe4 38. Rf2 Rdxc6 39.
Qa8+ Kg7 40. Bf1 Nxf1 41. Re5 Qb1 42. Rxf1 Qc2 43. Qd8 Rc8 44. Qxd4 Qc4
1/2-1/2

[Event "Olympiad Women 2024"]
[Site "Budapest HUN"]
[Date "2024.09.18"]
[Round "7.40"]
[White "Kim, Sarang"]
[Black "Petricenco, Ana"]
[Result "0-1"]
[WhiteElo "1732"]
[BlackElo "1895"]
[TimeControl "40/5400+30:1800+30\""]
[EventDate "2024.09.11"]
[Board "4"]
[WhiteFideId "13212834"]
[BlackFideId "13908596"]
[WhiteTeam "South Korea"]
[BlackTeam "Moldova"]

1. e4 c5 2. Nc3 d6 3. f4 Nc6 4. Nf3 g6 5. Bc4 Bg7 6. O-O e6 7. d3 Nge7 8.
g4 O-O 9. Qe1 Nd4 10. Nxd4 Bxd4+ 11. Kh1 d5 12. Bb3 dxe4 13. Nxe4 b6 14. c3
Bg7 15. Qg3 Bb7 16. Kg1 Qc7 17. Qh3 c4 18. Bc2 cxd3 19. Bxd3 Rad8 20. f5
exf5 21. gxf5 Nxf5 22. Rxf5 Rxd3 23. Qxd3 gxf5 24. Nf2 Qc6 25. Qg3 Kh8 26.
Bf4 Rg8 27. Kf1 Ba6+ 28. Ke1 Bxc3+ 29. Qxc3+ Qxc3+ 30. bxc3 Rg1+ 31. Kd2
Rxa1 32. Be5+ Kg8 33. Nh3 Rxa2+ 34. Ke3 Re2+ 35. Kf4 Rxh2 36. Ng5 Rf2+ 37.
Ke3 Re2+ 38. Kf4 Bd3 39. Nf3 a5 40. Bc7 Re4+ 41. Kg5 Rg4+ 42. Kf6 Rg6+ 43.
Ke7 Re6+ 0-1

[Event "Olympiad Women 2024"]
[Site "Budapest HUN"]
[Date "2024.09.18"]
[Round "7.41"]
[White "Sawan, Eman"]
[Black "Geske, Bruna"]
[Result "1-0"]
[WhiteElo "1972"]
[BlackElo "2023"]
[TimeControl "40/5400+30:1800+30\""]
[EventDate "2024.09.11"]
[Board "1"]
[WhiteFideId "11511729"]
[BlackFideId "4701100"]
[WhiteTeam "Palestine"]
[BlackTeam "Albania"]

1. e4 c5 2. Nf3 Nc6 3. Bb5 e5 4. O-O Bd6 5. c3 a6 6. Bc4 b5 7. Bd5 Nf6 8.
d4 cxd4 9. cxd4 Nxd5 10. exd5 Nxd4 11. Nxd4 exd4 12. Re1+ Kf8 13. Qxd4 Qc7
14. Qh4 Bb7 15. Nc3 Be5 16. Bf4 Bd6 17. Rac1 Qb6 18. Bxd6+ Qxd6 19. Ne4 Qh6
20. Qg4 Bxd5 21. Qxd7 Be6 22. Qb7 Re8 23. Nc5 g5 24. Re3 Qf6 25. Rxe6 Qxb2
26. Rxe8+ Kg7 27. Ree1 1-0

[Event "Olympiad Women 2024"]
[Site "Budapest HUN"]
[Date "2024.09.18"]
[Round "7.41"]
[White "Caku, Kler"]
[Black "Hamouri, Taqwa"]
[Result "1-0"]
[WhiteElo "1859"]
[BlackElo "1845"]
[TimeControl "40/5400+30:1800+30\""]
[EventDate "2024.09.11"]
[Board "2"]
[WhiteFideId "4704703"]
[BlackFideId "11506792"]
[WhiteTeam "Albania"]
[BlackTeam "Palestine"]

1. e4 e6 2. d4 d5 3. Nd2 Nf6 4. e5 Nfd7 5. Bd3 c5 6. c3 Nc6 7. Ne2 Qb6 8.
Nf3 f6 9. Nf4 fxe5 10. dxe5 Ncxe5 11. Nxe5 Nxe5 12. Qh5+ Nf7 13. Bxh7 Qd6
14. Ng6 Rxh7 15. Qxh7 e5 16. Nxf8 Qxf8 17. f4 e4 18. O-O Bd7 19. c4 Bc6 20.
cxd5 Bxd5 21. Rd1 O-O-O 22. Qf5+ Kb8 23. Rxd5 Rxd5 24. Qxd5 Qe7 25. Be3 b6
26. Rd1 Qf6 27. Qxe4 1-0

[Event "Olympiad Women 2024"]
[Site "Budapest HUN"]
[Date "2024.09.18"]
[Round "7.41"]
[White "Faqeeh, Yara"]
[Black "Shabanaj, Eglantina"]
[Result "0-1"]
[WhiteElo "1671"]
[BlackElo "1957"]
[TimeControl "40/5400+30:1800+30\""]
[EventDate "2024.09.11"]
[Board "3"]
[WhiteFideId "11501642"]
[BlackFideId "4700562"]
[WhiteTeam "Palestine"]
[BlackTeam "Albania"]

1. d4 Nf6 2. Bf4 d5 3. Nf3 Bf5 4. e3 e6 5. Nbd2 c5 6. c3 Nbd7 7. Be2 Qb6 8.
Qb3 Be7 9. Ne5 Nxe5 10. Bxe5 O-O 11. Nf3 Ne4 12. h3 c4 13. Qxb6 axb6 14. g4
Bg6 15. Bh2 b5 16. Ne5 f5 17. Bf4 Bh4 18. Rh2 Be8 19. Rg2 g5 20. Bg3 Bxg3
21. fxg3 Kg7 22. Bf3 Nd6 23. h4 h6 24. Rh2 Bg6 25. Ke2 f4 26. gxf4 gxf4 27.
exf4 Rf7 28. f5 Rxf5 29. Ke3 Rf4 30. Rh3 Raf8 31. Rd1 Be8 32. Rg1 Ne4 33.
Rg2 b6 34. Ke2 b4 35. cxb4 c3 36. Ke3 Bb5 37. bxc3 Bf1 38. Nd3 Bxd3 39.
Kxd3 Rxf3+ 40. Rxf3 Rxf3+ 41. Kc2 Rxc3+ 42. Kb2 Rc4 43. a3 Rxd4 44. Kb3 b5
45. Kc2 e5 46. Re2 Kf6 47. Re3 Nd6 48. g5+ hxg5 49. hxg5+ Kf5 50. Rg3 Kg6
51. Kb3 Ne4 52. Rh3 Kxg5 53. Rh8 Nd2+ 54. Ka2 Nc4 55. Rb8 Rd2+ 56. Kb3 Rd3+
57. Kc2 e4 58. a4 bxa4 59. b5 a3 60. b6 a2 61. Rg8+ Kf4 62. b7 Rc3+ 63.
Kxc3 a1=Q+ 0-1

[Event "Olympiad Women 2024"]
[Site "Budapest HUN"]
[Date "2024.09.18"]
[Round "7.41"]
[White "Omeri, Eklea"]
[Black "Natsheh, Wajd"]
[Result "1-0"]
[WhiteElo "1962"]
[BlackElo "1739"]
[TimeControl "40/5400+30:1800+30\""]
[EventDate "2024.09.11"]
[Board "4"]
[WhiteFideId "4703804"]
[BlackFideId "11507748"]
[WhiteTeam "Albania"]
[BlackTeam "Palestine"]

1. d4 d5 2. c4 e6 3. Nc3 c6 4. Nf3 dxc4 5. a4 Bb4 6. e4 b5 7. Be2 a5 8. O-O
Bxc3 9. bxc3 Ba6 10. Ba3 Nf6 11. Qc2 Nbd7 12. Ne5 Qc7 13. f4 c5 14. axb5
Bxb5 15. Bxc4 Bxc4 16. Nxc4 O-O 17. Qd3 Rfd8 18. e5 Ne8 19. Rf3 Rac8 20.
Rh3 f5 21. d5 exd5 22. Qxd5+ Kh8 23. Qf7 Qc6 24. Rd1 Nc7 25. Rhd3 Rf8 26.
Qxd7 Qa6 27. Nd6 Rfd8 28. Nf7+ Kg8 29. Nxd8 1-0

[Event "Olympiad Women 2024"]
[Site "Budapest HUN"]
[Date "2024.09.18"]
[Round "7.42"]
[White "Varela La Madrid, Tilsia Carolina"]
[Black "Ravelomanana, Sabine"]
[Result "1-0"]
[WhiteElo "2017"]
[BlackElo "1926"]
[TimeControl "40/5400+30:1800+30\""]
[EventDate "2024.09.11"]
[Board "1"]
[WhiteFideId "3903001"]
[BlackFideId "13100394"]
[WhiteTeam "Venezuela"]
[BlackTeam "Madagascar"]

1. e4 e5 2. Nf3 Nc6 3. Nc3 Nf6 4. Bb5 Bd6 5. d3 a6 6. Bc4 O-O 7. a4 Be7 8.
O-O d6 9. h3 Be6 10. Re1 Qd7 11. Bxe6 fxe6 12. Bg5 Rae8 13. Nh2 Nd4 14. Ne2
Nxe4 15. Bxe7 Nxf2 16. Qd2 Rxe7 17. Nxd4 exd4 18. Re2 Ref7 19. Rf1 Nxh3+
20. gxh3 Rxf1+ 21. Nxf1 e5 22. Rg2 Qxh3 23. Qg5 Qd7 24. Nd2 g6 25. Ne4 Kg7
26. Rh2 Rf4 27. Qh6+ Kg8 28. Qxf4 1-0

[Event "Olympiad Women 2024"]
[Site "Budapest HUN"]
[Date "2024.09.18"]
[Round "7.42"]
[White "Raharimanana, Faratiana"]
[Black "Rovira Contreras, Tairu Manuela"]
[Result "1/2-1/2"]
[WhiteElo "1815"]
[BlackElo "2022"]
[TimeControl "40/5400+30:1800+30\""]
[EventDate "2024.09.11"]
[Board "2"]
[WhiteFideId "13100378"]
[BlackFideId "3900533"]
[WhiteTeam "Madagascar"]
[BlackTeam "Venezuela"]

1. d4 d5 2. Nf3 Nf6 3. g3 c5 4. c3 Nc6 5. Bg2 e6 6. O-O Bd6 7. Bg5 h6 8.
Bxf6 Qxf6 9. e3 O-O 10. Nbd2 cxd4 11. exd4 a5 12. a4 b6 13. Re1 Ba6 14. Nf1
b5 15. Ne3 Rab8 16. Bf1 Rb6 17. Ng4 Qd8 18. Nge5 b4 19. Bxa6 Rxa6 20. Qd3
Rb6 21. c4 Bxe5 22. c5 Bxd4 23. cxb6 Qxb6 24. Re2 e5 25. Qb5 Rd8 26. Rc1
Rd6 27. Kg2 e4 28. Nxd4 Nxd4 29. Qxb6 Rxb6 30. Rd2 Nb3 31. Rc8+ Kh7 32.
Rxd5 Re6 33. Rc7 Kg6 34. h4 f5 35. h5+ Kf6 36. Rdd7 g6 37. Rh7 Kg5 38. hxg6
Rxg6 39. Rhg7 h5 40. Rxg6+ Kxg6 41. Rc6+ Kg5 42. Ra6 f4 43. gxf4+ Kxf4 44.
Rf6+ Ke5 45. Rh6 Kd4 46. Rxh5 Nc5 47. f4 Nxa4 48. f5 Ke5 49. b3 Nc3 50. f6+
Kxf6 51. Rxa5 Ke6 52. Kf2 Nd5 53. Rb5 Ke5 54. Rb8 Kd4 55. Rc8 Kd3 56. Rd8
Kd4 57. Rc8 Kd3 58. Rd8 Kd4 59. Rc8 1/2-1/2

[Event "Olympiad Women 2024"]
[Site "Budapest HUN"]
[Date "2024.09.18"]
[Round "7.42"]
[White "Perez Hernandez, Vicmary C."]
[Black "Randriatsiferana, Dimbiharentsoa Christiana"]
[Result "1-0"]
[WhiteElo "1960"]
[BlackElo "1736"]
[TimeControl "40/5400+30:1800+30\""]
[EventDate "2024.09.11"]
[Board "3"]
[WhiteFideId "3930831"]
[BlackFideId "13106961"]
[WhiteTeam "Venezuela"]
[BlackTeam "Madagascar"]

1. e4 c5 2. Nf3 d6 3. d4 cxd4 4. Qxd4 Nc6 5. Bb5 Bd7 6. Bxc6 Bxc6 7. Nc3
Nf6 8. Bg5 e6 9. O-O-O Be7 10. Qd3 Qb6 11. Rhe1 O-O-O 12. Be3 Qa5 13. Nd4
Kb8 14. f4 Ng4 15. Bg1 Bh4 16. g3 Be7 17. Nb3 Qc7 18. Qd4 Rdg8 19. Qxa7+
Kc8 20. Na5 Kd7 21. Nc4 Rb8 22. Bb6 Qc8 23. Bc5 Ke8 24. Bxd6 Ra8 25. Qc5
Bxe4 26. Bxe7 Qxc5 27. Bxc5 f5 28. Nd6+ Kd7 29. Ndxe4+ 1-0

[Event "Olympiad Women 2024"]
[Site "Budapest HUN"]
[Date "2024.09.18"]
[Round "7.42"]
[White "Tsinjoviniavo, Aina Mahasambatra"]
[Black "Pena Gonzalez, Clara Isabel"]
[Result "0-1"]
[WhiteElo "1662"]
[BlackElo "1895"]
[TimeControl "40/5400+30:1800+30\""]
[EventDate "2024.09.11"]
[Board "4"]
[WhiteFideId "13105450"]
[BlackFideId "3924203"]
[WhiteTeam "Madagascar"]
[BlackTeam "Venezuela"]

1. e4 c5 2. Nf3 e6 3. c3 Nf6 4. Qc2 Qc7 5. e5 Nd5 6. Bc4 Nb6 7. Be2 d6 8.
exd6 Bxd6 9. d4 cxd4 10. Nxd4 a6 11. Nd2 Bd7 12. N2f3 Nc6 13. Be3 Nd5 14.
Qe4 Nxe3 15. Qxe3 Nxd4 16. Qxd4 e5 17. Qe3 O-O 18. O-O Rae8 19. h3 e4 20.
Nd4 Bf4 21. Ne6 Rxe6 22. Qd4 e3 23. Kh1 exf2 24. Bc4 Be3 25. Qh4 Rh6 26.
Qe4 Qg3 27. Qxe3 Qxe3 28. Rxf2 Qxf2 29. Rf1 Rxh3+ 30. gxh3 Bc6+ 0-1

[Event "Olympiad Women 2024"]
[Site "Budapest HUN"]
[Date "2024.09.18"]
[Round "7.43"]
[White "Gomez Barrera, Javiera Belen"]
[Black "Jop A., Laura Elizabeth"]
[Result "1-0"]
[WhiteElo "2123"]
[BlackElo "1686"]
[TimeControl "40/5400+30:1800+30\""]
[EventDate "2024.09.11"]
[Board "1"]
[WhiteFideId "3418723"]
[BlackFideId "7304340"]
[WhiteTeam "Chile"]
[BlackTeam "Guatemala"]

1. e4 c5 2. Nf3 g6 3. c3 d5 4. e5 d4 5. cxd4 cxd4 6. Bb5+ Bd7 7. Nxd4 Qb6
8. Bxd7+ Nxd7 9. Nf3 Bg7 10. d4 f6 11. Qa4 fxe5 12. dxe5 O-O-O 13. Be3 Qxb2
14. O-O a6 15. Rc1+ Kb8 16. Nc3 Nxe5 17. Nxe5 Bxe5 18. Rab1 Bxc3 19. Rxb2
Bxb2 20. Rb1 Nf6 21. Rxb2 b5 22. Qb3 Rd5 23. h3 Rhd8 24. Qa3 1-0

[Event "Olympiad Women 2024"]
[Site "Budapest HUN"]
[Date "2024.09.18"]
[Round "7.43"]
[White "Lopez L., Dairyn D."]
[Black "Jorquera Cabello, Valentina"]
[Result "0-1"]
[WhiteElo "1740"]
[BlackElo "1919"]
[TimeControl "40/5400+30:1800+30\""]
[EventDate "2024.09.11"]
[Board "2"]
[WhiteFideId "7301502"]
[BlackFideId "3405494"]
[WhiteTeam "Guatemala"]
[BlackTeam "Chile"]

1. d4 Nf6 2. Bf4 g6 3. Nc3 Bg7 4. f3 d6 5. e4 Nc6 6. Qd2 Nh5 7. Be3 a6 8.
g4 Nf6 9. h4 h5 10. g5 Nd7 11. f4 Nb6 12. O-O-O d5 13. e5 Bf5 14. Qf2 e6
15. Nf3 Qd7 16. Nd2 Nb4 17. Nb3 Nxc2 18. Bh3 Nxe3 19. Qxe3 Nc4 20. Qe2 Bxh3
21. Rxh3 b6 22. Kb1 Bf8 23. Ne4 Be7 24. Nf6+ Bxf6 25. gxf6 Qb5 26. Qg2
O-O-O 27. Rc3 Kb8 28. Qf2 Ka7 29. Rdc1 Rb8 30. Qc2 c5 31. Qf2 Rhc8 32. R1c2
a5 33. Kc1 a4 34. Nd2 Nxd2 35. Kxd2 Qb4 36. dxc5 d4 37. cxb6+ Rxb6 38. Kd3
dxc3 0-1